| 000 | 01147nji a22002777a 4500 | ||
|---|---|---|---|
| 005 | 20100903161258.0 | ||
| 006 | a|||||r|||||00| 0 | ||
| 007 | sd ammalaaahaa | ||
| 008 | 100830t xxu||||| |||| 00| 0 eng d | ||
| 028 |
_aH 1025 G _bColumbia |
||
| 035 | _aGR-00940 | ||
| 040 |
_aSED _cSED |
||
| 100 |
_917455 _aSaigal |
||
| 245 |
_aBhakta Surdas / _cby Saigal ; comp by D N Madhok ; music by Jnan Dutt _h[sound recording] : |
||
| 246 | _aमें नहीं माखन खायो / सैगल द्वारा | ||
| 260 |
_aDum Dum, India _bColumbia |
||
| 300 |
_a1 sound disc [Gramophone Recording]: _banalog, 33 1/3 rpm _c9.5 in. (MP) _fGramophone Record |
||
| 500 | _aBrief Record | ||
| 505 | _aSide-1 में नहीं माखन खायो (Mein nahi makkan khayoo ) ( Saigal) Side- 2 कदम चले आगे (kadam chaley aagey) | ||
| 650 |
_aClassical music _zIndia _91186 _xExcerpts |
||
| 700 |
_917416 _aMadhok, D N |
||
| 700 |
_918773 _aDutt, Jnan |
||
| 700 | _917456 | ||
| 942 |
_2ddc _cGR |
||
| 999 |
_c44311 _d44311 |
||